000
00203 a2200097 4500
001
47965
100
_a
Valiuddin
245
_a
Islamic monotheism
260
_a
Lahore
_b
Islamic
_c
090
_c
30956
_d
30956
942
_a
NUST-CAE
_c
M
_c
23287
999
_c
283038
_d
283038